Weird, wacky science / (Record no. 4711)
[ view plain ]
| 000 -LEADER | |
|---|---|
| fixed length control field | 00894nam a22002657a 4500 |
| 001 - CONTROL NUMBER | |
| control field | 4711 |
| 003 - CONTROL NUMBER IDENTIFIER | |
| control field | FISKH |
| 005 - DATE AND TIME OF LATEST TRANSACTION | |
| control field | 20240925085208.0 |
| 008 - FIXED-LENGTH DATA ELEMENTS--GENERAL INFORMATION | |
| fixed length control field | 240925b cb ||||| |||| 00| 0 eng d |
| 020 ## - INTERNATIONAL STANDARD BOOK NUMBER | |
| International Standard Book Number | 0439063302 |
| 040 ## - CATALOGING SOURCE | |
| Original cataloging agency | FISKH |
| Language of cataloging | eng |
| Transcribing agency | FISKH |
| Modifying agency | FISKH |
| 050 ## - LIBRARY OF CONGRESS CALL NUMBER | |
| Classification number | Q173.M312 |
| 082 ## - DEWEY DECIMAL CLASSIFICATION NUMBER | |
| Edition number | 500 |
| 100 ## - MAIN ENTRY--PERSONAL NAME | |
| Personal name | Markle, Sandra |
| Dates associated with a name | 1946- |
| 245 ## - TITLE STATEMENT | |
| Title | Weird, wacky science / |
| Statement of responsibility, etc. | Sandra Markle Illustrated by Cecile Schoberle |
| 250 ## - EDITION STATEMENT | |
| Edition statement | First printing in 1999 |
| 260 ## - PUBLICATION, DISTRIBUTION, ETC. | |
| Place of publication, distribution, etc. | New York : |
| Name of publisher, distributor, etc. | Scholastic, |
| Date of publication, distribution, etc. | 1999. |
| 300 ## - PHYSICAL DESCRIPTION | |
| Extent | 70 pages : |
| Other physical details | illustrations ; |
| Dimensions | 20cm |
| 520 ## - SUMMARY, ETC. | |
| Summary, etc. | Presents facts revealing some of the strange and even weird aspects of humans, animals, and general science while also suggesting experiments related to this information. |
| 650 ## - SUBJECT ADDED ENTRY--TOPICAL TERM | |
| Source of heading or term | Science |
| Topical term or geographic name entry element | Kids |
| 650 ## - SUBJECT ADDED ENTRY--TOPICAL TERM | |
| Source of heading or term | Animals |
| Topical term or geographic name entry element | Human body |
| 700 ## - ADDED ENTRY--PERSONAL NAME | |
| Personal name | Schoberle, Cecile |
| Dates associated with a name | Illustrator |
| 942 ## - ADDED ENTRY ELEMENTS (KOHA) | |
| Source of classification or shelving scheme | Dewey Decimal Classification |
| Koha item type | Books |
| Suppress in OPAC | No |
| Withdrawn status | Lost status | Source of classification or shelving scheme | Damaged status | Not for loan | Collection | Home library | Current library | Shelving location | Date acquired | Total Checkouts | Full call number | Barcode | Date last seen | Copy number | Price effective from | Koha item type |
|---|---|---|---|---|---|---|---|---|---|---|---|---|---|---|---|---|
| Dewey Decimal Classification | Non-Fiction | Footprints International School Library Network Toul Kork Campus | Footprints International School Library Network Toul Kork Campus | TTP Secondary Non-Fiction Bookshelves | 09/25/2024 | MAR 500 Q173.M312 | 2024-2069 | 09/25/2024 | 1 | 09/25/2024 | Books |
